000 01040nam a2200241Ia 4500
003 Ost
005 20260507075401.0
008 260507s9999||||xx |||||||||||||| ||und||
020 _a811259995797
040 _cfsecg
041 _aara
082 _a600
100 _aعابد، زهير عبد اللطيف
_eمؤلف
245 0 _aمبادئ الإعلان /
_c زهير عبد اللطيف عابد
260 _aعمان:
_bدار اليازوري العلمية للنشر والتوزيع,
_c2014
300 _a184 صفحة؛
_bإيضاحات ؛
_c25 سم
504 _aالمراجع ص.181
520 _aيضم مفهوم الإعلان وأهميته وتطوره، الإعلان والمفاهيم الأخرى، تصميم الإعلان واخراجه، وسائل الإعلان، الإعلان وسلوك المستهلك أخلاقيات الإعلان، الحملات الإعلانية
653 _aأدارة المبيعات
653 _aالإعلان
653 _aالتسويق
942 _cكتاب
999 _c44275
_d44275